| 000 | 01020nam0a22002891 4500 | ||
|---|---|---|---|
| 001 | rc\419789 | ||
| 005 | 20260405073722.0 | ||
| 010 |
_a5-229-00162-3 _91840 |
||
| 035 | _a(NLR Aleph) 005667342 | ||
| 090 |
_a6936857 _c6936857 |
||
| 100 | _a20030616d1988 |||y0rusy50 ca | ||
| 101 | 0 | _arus | |
| 102 | _aRU | ||
| 105 | _aa ||||||||| | ||
| 200 | 1 |
_aКарбидостали _fЮ.Г. Гуревич, В.К. Нарва, Н.Р. Фраге |
|
| 210 |
_aМ. _cМеталлургия _d1988 |
||
| 215 |
_a142, [1] с. _cил. _d20 |
||
| 320 | _aБиблиогр.: с. 139-143 (119 назв.) | ||
| 700 | 1 |
_4070 _8rus _7ca _aГуревич _bЮ.Г. _cд-р техн. наук _f1921-2015 _gЮрий Григорьевич _3RU\NLR\AUTH\7725785 _98830 |
|
| 701 | 1 |
_aНарва _bВ.К. _gВалентина Константиновна |
|
| 701 | 1 |
_aФраге _bН.Р. _gНаум Рубинович |
|
| 801 | 0 |
_aRU _bNLR _gpsbo |
|
| 801 | 1 |
_aRU _bELAR _2rusmarc |
|
| 852 |
_aNLR _j88-3/8353 |
||
| 942 | _cBOOK | ||
| 980 | _aNB | ||